Nuskha Haa-e-Wafa (Record no. 5152)

000 -LEADER
fixed length control field 00340 a2200133 4500
040 ## - CATALOGING SOURCE
Original cataloging agency DLC
Language of cataloging DLC
082 ## - DEWEY DECIMAL CLASSIFICATION NUMBER
Classification number 891.4391
100 ## - MAIN ENTRY--PERSONAL NAME
Personal name Faiz Ahmad Faiz.
245 ## - TITLE STATEMENT
Title Nuskha Haa-e-Wafa
Statement of responsibility, etc. Faiz Ahmad Faiz.
260 ## - PUBLICATION, DISTRIBUTION, ETC.
Place of publication, distribution, etc. Lahore :
Name of publisher, distributor, etc. Karwan Press.
300 ## - PHYSICAL DESCRIPTION
Extent 703 p. ;
Dimensions 19 cm.
650 ## - SUBJECT ADDED ENTRY--TOPICAL TERM
Topical term or geographic name entry element Urdu Literature--Poetry.
942 ## - ADDED ENTRY ELEMENTS (KOHA)
Koha item type Book
Call number prefix 891.4391 FAI
Source of classification or shelving scheme
Holdings
Withdrawn status Lost status Damaged status Not for loan Collection code Permanent Location Current Location Shelving location Date acquired Source of acquisition Cost, normal purchase price Total Checkouts Total Renewals Full call number Barcode Checked out Date last seen Date last checked out Price effective from Koha item type
          Central Library (CL) Central Library (CL) Fiction 08/20/2005 Academic Book company 204.00 18 18 891.4391 FAI SEECS006341 01/02/2026 12/03/2025 12/03/2025 01/05/2017 Book
© 2023 Central Library, National University of Sciences and Technology. All Rights Reserved.